Retrouvez ces films grâce à leur sous-titre #3 - Statistiques

Statistiques générales
  • Ce quiz a été pris 253 fois
  • Le résultat moyen est 3 sur 10
Statistiques - réponses
Sous-titres Films % Correct
Que la force soit avec toi La guerre des étoiles
100%
C'est l'histoire de la vie... Le Roi Lion
83%
Même à Shawshank, on n'enferme pas l'espoir... Les évadés
33%
40 étages en otage Piège de cristal
32%
Il a peur. Il est seul. Il est à 3 millions d'années lumière de chez lui. E.T. l'extraterreste
31%
Une épopée de la guerre du Vietnam Full Metal Jacket
29%
Votre esprit abrite la scène de crime. Inception
16%
Dans chaque rue, il y a un inconnu qui rêve d'être quelqu'un. C'est un homme seul, oublié, à chercher désespérément qu'il existe. Taxi Driver
4%
Ils l'ont pris pour un bon à rien... et ils avaient raison ! The Big Lebowski
3%
Deux frères unis par la haine, déchirés par la vérité. American History X
2%
Aucun quiz correspondant
Distribution des résultats
% des personnes avec chaque résultat
Percentile par nombre de réponses
Votre historique - résultats
Vous n’avez pas pris ce quiz